| 000 | 00649nam a22002177a 4500 | ||
|---|---|---|---|
| 999 |
_c6254 _d6254 |
||
| 003 | AR-CdUCM | ||
| 008 | 190314b ||||| |||| 00| 0 spa d | ||
| 040 |
_aMUNICIPALIDAD PROVINCIAL DEL CUSCO _cBIBLIOTECA MUNICIPAL DEL CUSCO |
||
| 082 |
_a869.56 / _bB79 |
||
| 100 |
_aBoza, Adriel _95623 |
||
| 245 | _aLlanto por la patria i otros poemas / | ||
| 260 |
_aCusco : _bEditorial Andina, _c1991. |
||
| 300 |
_a24 páginas ; _c20 cm. |
||
| 500 | _aDonación familia Nieto | ||
| 505 | _aContenido: Poesía cusqueña, | ||
| 650 |
_aPoesía cusqueña _92323 |
||
| 650 |
_aCultura _9126 |
||
| 650 |
_aCusco _9772 |
||
| 942 |
_2ddc _cLIBROS |
||
| 945 | _adavv | ||